[Event "Mittelfranken Landesliga Nord 2223"]
[Site "Mittelfranken"]
[Date "2023.03.05"]
[Round "7.2"]
[White "Shpati, Ted"]
[Black "Giessmann, Stephan"]
[Result "1/2-1/2"]
[WhiteElo "2180"]
[BlackElo "2194"]
[PlyCount "76"]
[EventDate "2022.10.09"]
[EventType "team-tourn"]
[EventRounds "9"]
[EventCountry "GER"]
[SourceTitle "EXT 2024"]
[Source "ChessBase"]
[SourceDate "2023.10.10"]
[SourceVersion "1"]
[SourceVersionDate "2023.10.10"]
[SourceQuality "1"]
[WhiteTeam "Wuerzburg"]
[BlackTeam "Kelheim"]
[WhiteTeamCountry "GER"]
[BlackTeamCountry "GER"]

1. e4 e6 2. d4 d5 3. exd5 exd5 4. Bf4 Bd6 5. Bxd6 Qxd6 6. c3 Bf5 7. Nf3 Nf6 8. Be2 0-0 9. 0-0 Nbd7 10. Nbd2 Rfe8 11. Re1 Re7 12. Nf1 Rae8 13. Ne3 Bg6 14. Nh4 Qb6 15. Nxg6 hxg6 16. Qb3 c6 17. Qxb6 Nxb6 18. h3 Na4 19. Rab1 Ne4 20. Bd1 Nb6 21. Re2 Nd6 22. Bb3 f5 23. g3 g5 24. Rbe1 Kf7 25. Kf1 Kf6 26. Ng2 Rxe2 27. Rxe2 Rh8 28. h4 Ne4 29. Bc2 Nc4 30. Bxe4 fxe4 31. hxg5+ Kxg5 32. Nh4 Kg4 33. Kg2 Rf8 34. b3 Nd6 35. Ng6 Rf6 36. Ne5+ Kg5 37. a4 Nf7 38. Nxf7+ Rxf7 1/2-1/2

[Event "GER CupT"]
[Site "Germany"]
[Date "2023.01.29"]
[Round "2.1"]
[White "Giessmann, Stephan"]
[Black "Neukirchner, Pascal"]
[Result "1/2-1/2"]
[WhiteElo "2219"]
[BlackElo "2276"]
[PlyCount "140"]
[EventDate "2023.01.28"]
[EventType "team-k.o."]
[EventRounds "4"]
[EventCountry "GER"]
[SourceTitle "EXT 2024"]
[Source "ChessBase"]
[SourceDate "2023.10.10"]
[SourceVersion "1"]
[SourceVersionDate "2023.10.10"]
[SourceQuality "1"]
[WhiteTeam "Meuselwitz Kelheim"]
[BlackTeam "Loeberitz"]
[WhiteTeamCountry "GER"]
[BlackTeamCountry "GER"]

1. d4 Nf6 2. Nf3 c5 3. c3 d5 4. e3 e6 5. Bd3 Nc6 6. 0-0 Bd6 7. Nbd2 0-0 8. dxc5 Bxc5 9. e4 Qc7 10. Qe2 b6 11. e5 Ng4 12. Bxh7+ Kxh7 13. Ng5+ Kg8 14. Qxg4 Qxe5 15. Qh5 Qf5 16. g4 Qg6 17. Qxg6 fxg6 18. Nb3 Bd6 19. h3 Ba6 20. Rd1 Rae8 21. Be3 Bf4 22. Bxf4 Rxf4 23. Rd2 Bc8 24. Re1 Bd7 25. Nd4 Nxd4 26. Rxd4 Rxd4 27. cxd4 Rc8 28. Re2 Rc4 29. Nf3 Kf8 30. Kg2 Ke7 31. Kg3 Rc1 32. Kf4 Bb5 33. Rd2 Kf6 34. g5+ Ke7 35. Ne5 Be8 36. Nf3 Kd6 37. h4 a5 38. Ne5 a4 39. a3 Rh1 40. Kg3 Rg1+ 41. Kh2 Rc1 42. Kg2 Rc8 43. Kf3 Rc1 44. Ke3 Rh1 45. Rc2 Rxh4 46. Rc8 Re4+ 47. Kd3 Bb5+ 48. Kc3 Re2 49. Rd8+ Ke7 50. Rb8 Rxf2 51. Nxg6+ Kd7 52. Ne5+ Ke7 53. Rb7+ Kf8 54. Rxb6 Be8 55. Rxe6 Rg2 56. g6 Rg3+ 57. Kb4 Rb3+ 58. Kc5 Rxb2 59. Kxd5 Rb3 60. Kd6 Rb6+ 61. Kd5 Rb3 62. Nc4 Rg3 63. Ne5 Rxa3 64. Ra6 Ke7 65. Re6+ Kf8 66. Kd6 Rb3 67. Nd7+ Bxd7 68. Kxd7 Rb7+ 69. Kc8 Ra7 70. Kb8 Rd7 1/2-1/2

[Event "Mittelfranken Landesliga Nord 2223"]
[Site "Mittelfranken"]
[Date "2023.01.15"]
[Round "5.1"]
[White "Giessmann, Stephan"]
[Black "Zvara, Petr"]
[Result "0-1"]
[WhiteElo "2194"]
[BlackElo "2380"]
[PlyCount "92"]
[EventDate "2022.10.09"]
[EventType "team-tourn"]
[EventRounds "9"]
[EventCountry "GER"]
[SourceTitle "EXT 2024"]
[Source "ChessBase"]
[SourceDate "2023.10.10"]
[SourceVersion "1"]
[SourceVersionDate "2023.10.10"]
[SourceQuality "1"]
[WhiteTeam "Kelheim"]
[BlackTeam "Schwandorf"]
[WhiteTeamCountry "GER"]
[BlackTeamCountry "GER"]

1. d4 g6 2. Nf3 Bg7 3. c3 d6 4. e4 e6 5. Bd3 Ne7 6. 0-0 Nd7 7. Be3 h6 8. Qd2 b6 9. Na3 Bb7 10. Rfe1 g5 11. Qc2 0-0 12. h4 g4 13. Nh2 Nf6 14. e5 dxe5 15. dxe5 Qd5 16. f4 g3 17. Nf1 Ng4 18. Rad1 Kh8 19. Bc4 Qe4 20. Qxe4 Bxe4 21. Bc1 Bc6 22. Nxg3 Rg8 23. Bb5 Bf8 24. Ne4 Bxe4 25. Rxe4 Nf5 26. b4 a5 27. Bc6 axb4 28. cxb4 Be7 29. Bxa8 Rxa8 30. Rc4 Nge3 31. Bxe3 Nxe3 32. Rxc7 Nxd1 33. Rxe7 Rxa3 34. Rxf7 Rxa2 35. Rf6 Kg7 36. Rxe6 Ne3 37. Rxb6 Rxg2+ 38. Kh1 Rg4 39. b5 Rxh4+ 40. Kg1 Rxf4 41. Rb7+ Kg6 42. b6 Rf1+ 43. Kh2 Rb1 44. Rb8 Ng4+ 45. Kg3 Nxe5 46. b7 Nd7 0-1

[Event "Mittelfranken Landesliga Nord 2122"]
[Site "Mittelfranken"]
[Date "2022.03.13"]
[Round "6.1"]
[White "Giessmann, Stephan"]
[Black "Kraft, Volker"]
[Result "1/2-1/2"]
[WhiteElo "2210"]
[BlackElo "2301"]
[PlyCount "80"]
[EventDate "2021.10.24"]
[EventType "team-tourn"]
[EventRounds "9"]
[EventCountry "GER"]
[SourceTitle "EXT 2024"]
[Source "ChessBase"]
[SourceDate "2023.10.10"]
[SourceVersion "1"]
[SourceVersionDate "2023.10.10"]
[SourceQuality "1"]
[WhiteTeam "Kelheim"]
[BlackTeam "Nuernberg SW"]
[WhiteTeamCountry "GER"]
[BlackTeamCountry "GER"]

1. d4 Nf6 2. Nf3 g6 3. c3 Bg7 4. Bg5 0-0 5. Nbd2 h6 6. Bh4 d6 7. e3 c5 8. Bc4 d5 9. Bd3 cxd4 10. exd4 Nh5 11. 0-0 Nf4 12. Bc2 Nc6 13. Re1 Re8 14. Nf1 f5 15. Qd2 g5 16. Nxg5 hxg5 17. Bxg5 Ne6 18. Bxf5 Nxg5 19. Qxg5 Bxf5 20. Qxf5 e5 21. Ne3 exd4 22. Nxd5 dxc3 23. bxc3 Qd6 24. Rad1 Rxe1+ 25. Rxe1 Rf8 26. Qe4 Qe5 27. f4 Qxe4 28. Rxe4 Kf7 29. Kf2 Rd8 30. c4 Na5 31. Kf3 Nxc4 32. Rxc4 Rxd5 33. Rc7+ Kg8 34. Rxb7 Ra5 35. g4 Rxa2 36. g5 a5 37. h4 a4 38. h5 Rh2 39. h6 Bxh6 40. gxh6 Rxh6 1/2-1/2

[Event "Mittelfranken Landesliga Nord 2122"]
[Site "Mittelfranken"]
[Date "2021.10.24"]
[Round "1.1"]
[White "Englert, Fabian"]
[Black "Giessmann, Stephan"]
[Result "1-0"]
[WhiteElo "2422"]
[BlackElo "2210"]
[PlyCount "105"]
[EventDate "2021.10.24"]
[EventType "team-tourn"]
[EventRounds "9"]
[EventCountry "GER"]
[SourceTitle "EXT 2024"]
[Source "ChessBase"]
[SourceDate "2023.10.10"]
[SourceVersion "1"]
[SourceVersionDate "2023.10.10"]
[SourceQuality "1"]
[WhiteTeam "Klingenberg"]
[BlackTeam "Kelheim"]
[WhiteTeamCountry "GER"]
[BlackTeamCountry "GER"]

1. g3 d5 2. Nf3 Nf6 3. Bg2 c6 4. 0-0 Bg4 5. d4 Nbd7 6. Nbd2 e6 7. Re1 Bd6 8. e4 dxe4 9. Nxe4 Nxe4 10. Rxe4 Bf5 11. Re1 0-0 12. Nh4 Bg6 13. c3 Qc7 14. Nxg6 hxg6 15. Qb3 Qb6 16. c4 Qxb3 17. axb3 a6 18. Bd2 Nf6 19. b4 Rfd8 20. Bc3 Kf8 21. Ra2 Rab8 22. h4 Rd7 23. b3 Bc7 24. Rd2 Bb6 25. Bf3 Rbd8 26. Red1 Ba7 27. g4 Bb8 28. g5 Nh5 29. d5 cxd5 30. cxd5 Bf4 31. Rd3 Bc7 32. d6 Rxd6 33. Rxd6 Rxd6 34. Rxd6 Bxd6 35. Bxb7 Nf4 36. Bxa6 Nd5 37. Bb2 Nxb4 38. Bc4 e5 39. Ba3 Ke7 40. Kf1 Bc5 41. Ke2 Bd6 42. Kd2 Bc5 43. f3 Bd6 44. Bb2 f5 45. f4 exf4 46. Bxg7 Nc6 47. Bf6+ Kf8 48. h5 Ne5 49. h6 Nxc4+ 50. bxc4 Kg8 51. Ke2 Bc5 52. Kf3 Be3 53. Be5 1-0

[Event "Landesliga Nord 1718"]
[Site "Bayern"]
[Date "2018.02.25"]
[Round "7.1"]
[White "Giessmann, Stephan"]
[Black "Pribyl, Josef"]
[Result "0-1"]
[WhiteElo "2207"]
[BlackElo "2256"]
[PlyCount "74"]
[EventDate "2017.10.22"]
[EventType "team-tourn"]
[EventRounds "9"]
[EventCountry "GER"]
[SourceTitle "EXT 2022"]
[Source "ChessBase"]
[SourceDate "2021.10.06"]
[SourceVersion "1"]
[SourceVersionDate "2021.10.06"]
[SourceQuality "1"]
[WhiteTeam "Kelheim SK"]
[BlackTeam "Bamberg SC"]
[WhiteTeamCountry "GER"]
[BlackTeamCountry "GER"]

1. d4 Nf6 2. Nf3 g6 3. Bg5 Bg7 4. e3 c5 5. c3 cxd4 6. cxd4 0-0 7. Nc3 b6 8. Rc1 Bb7 9. Bd3 d5 10. 0-0 Nbd7 11. Qb3 a6 12. Rc2 Re8 13. Rfc1 Ra7 14. Bxf6 Nxf6 15. Ne5 e6 16. Na4 b5 17. Nc5 Ne4 18. Bxe4 dxe4 19. Nxb7 Rxb7 20. Rc6 Qa8 21. Qc2 Bxe5 22. dxe5 Rd8 23. Qxe4 Rbd7 24. g3 Rd1+ 25. Rxd1 Rxd1+ 26. Kg2 Rd2 27. a4 Rxb2 28. axb5 Rxb5 29. f3 Qb7 30. Qc4 Kg7 31. Kh3 h5 32. e4 g5 33. Qc1 Rxe5 34. Qc3 Qb5 35. Kg2 Kg6 36. Rxa6 Qe2+ 37. Kg1 Rb5 0-1

[Event "Landesliga Nord 1718"]
[Site "Bayern"]
[Date "2018.01.21"]
[Round "5.2"]
[White "Wiemer, Peter"]
[Black "Giessmann, Stephan"]
[Result "0-1"]
[WhiteElo "2145"]
[BlackElo "2207"]
[PlyCount "44"]
[EventDate "2017.10.22"]
[EventType "team-tourn"]
[EventRounds "9"]
[EventCountry "GER"]
[SourceTitle "EXT 2022"]
[Source "ChessBase"]
[SourceDate "2021.10.06"]
[SourceVersion "1"]
[SourceVersionDate "2021.10.06"]
[SourceQuality "1"]
[WhiteTeam "Zirndorf"]
[BlackTeam "Kelheim SK"]
[WhiteTeamCountry "GER"]
[BlackTeamCountry "GER"]

1. e4 e6 2. Nf3 d5 3. Nc3 Nf6 4. e5 Nfd7 5. d4 c5 6. dxc5 Bxc5 7. Bd3 Nc6 8. Bf4 f6 9. exf6 Nxf6 10. 0-0 0-0 11. Ne5 Bd7 12. Nxc6 bxc6 13. Qe2 Qe7 14. Rae1 Bb4 15. Be5 c5 16. Bb5 d4 17. Bxf6 gxf6 18. Nd5 Qd6 19. Nxb4 Bxb5 20. Qg4+ Kh8 21. Rxe6 Qd7 22. Qe4 Rae8 0-1

[Event "Bayern-ch"]
[Site "Rosenheim"]
[Date "2017.08.22"]
[Round "4"]
[White "Giessmann, Stephan"]
[Black "Schmid, Roland1111"]
[Result "1-0"]
[WhiteElo "2234"]
[BlackElo "2313"]
[PlyCount "92"]
[EventDate "2017.08.20"]
[EventType "swiss"]
[EventRounds "9"]
[EventCountry "GER"]
[SourceTitle "EXT 2019"]
[Source "ChessBase"]
[SourceDate "2018.10.10"]
[SourceVersion "1"]
[SourceVersionDate "2018.10.10"]
[SourceQuality "1"]

1. d4 d5 2. c4 c6 3. Nf3 e6 4. e3 f5 5. Bd3 Nf6 6. 0-0 Bd6 7. b3 Qe7 8. a4 a5 9. Ba3 b6 10. Bxd6 Qxd6 11. Ne5 0-0 12. Nd2 Na6 13. Rc1 c5 14. cxd5 Nxd5 15. Ndc4 Qc7 16. e4 Nf4 17. d5 Bb7 18. d6 Qd8 19. f3 Nb4 20. Bb1 Nc6 21. Nxc6 Bxc6 22. g3 Ng6 23. Qd2 f4 24. e5 fxg3 25. hxg3 Bxf3 26. Bxg6 hxg6 27. Qe3 Bd5 28. Rxf8+ Kxf8 29. Rf1+ Kg8 30. Qf4 Ra7 31. Rf2 g5 32. Qe3 Rb7 33. Qd3 Qe8 34. Rh2 g6 35. g4 Qf7 36. Rh6 Kg7 37. Qh3 Qg8 38. Qh2 b5 39. axb5 Rxb5 40. d7 Rb7 41. Nd6 Bc6 42. Nc8 Rxb3 43. Rxg6+ Kxg6 44. Qh5+ Kg7 45. Qxg5+ Kh7 46. Qxg8+ Kxg8 1-0

[Event "Staufer op 29th"]
[Site "Schwaebisch Gmuend"]
[Date "2017.01.03"]
[Round "4"]
[White "Giessmann, Stephan"]
[Black "Hehn, Hartmut"]
[Result "1/2-1/2"]
[WhiteElo "2250"]
[BlackElo "2018"]
[PlyCount "45"]
[EventDate "2017.01.02"]
[EventType "swiss"]
[EventRounds "9"]
[EventCountry "GER"]
[SourceTitle "CBM 176 Extra"]
[Source "ChessBase"]
[SourceDate "2017.03.02"]
[SourceVersion "1"]
[SourceVersionDate "2017.03.02"]
[SourceQuality "1"]

1. d4 g6 2. Nf3 Bg7 3. c3 d5 4. Bg5 Nd7 5. e3 Ngf6 6. Nbd2 c6 7. Bd3 a5 8. 0-0 0-0 9. h3 Re8 10. e4 dxe4 11. Nxe4 Nxe4 12. Bxe4 Qc7 13. Re1 e5 14. Bc2 b6 15. Qd2 Bb7 16. dxe5 Nxe5 17. Nxe5 Bxe5 18. Rad1 c5 19. Ba4 Bc6 20. Bxc6 Qxc6 21. f4 Bf6 22. Bxf6 Qxf6 23. a3 1/2-1/2

[Event "Landesliga Nord 1617"]
[Site "Bayern"]
[Date "2016.11.20"]
[Round "2.2"]
[White "Giessmann, Stephan"]
[Black "Kannenberg, Karl Heinz"]
[Result "1-0"]
[WhiteElo "2183"]
[BlackElo "2170"]
[PlyCount "127"]
[EventDate "2016.10.16"]
[EventType "team-tourn"]
[EventRounds "9"]
[EventCountry "GER"]
[SourceTitle "EXT 2019"]
[Source "ChessBase"]
[SourceDate "2018.10.10"]
[SourceVersion "1"]
[SourceVersionDate "2018.10.10"]
[SourceQuality "1"]
[WhiteTeam "Kelheim"]
[BlackTeam "Kitzingen"]
[WhiteTeamCountry "GER"]
[BlackTeamCountry "GER"]

1. d4 d5 2. c4 c6 3. Nf3 Nf6 4. Nc3 a6 5. a4 e6 6. e3 Be7 7. Bd3 a5 8. 0-0 Na6 9. Re1 Nb4 10. e4 b6 11. Bf1 0-0 12. e5 Ne8 13. b3 Nc7 14. Be3 Bb7 15. Qd2 Rc8 16. Rad1 Nca6 17. Ng5 c5 18. Nb5 cxd4 19. Nxd4 Nc5 20. f3 Nc6 21. Nxc6 Bxc6 22. Rb1 h6 23. Nh3 Nd7 24. Qb2 Bb4 25. Red1 Qe7 26. Nf4 Bc5 27. Re1 Bxe3+ 28. Rxe3 Qc5 29. Rbe1 Rfd8 30. Kh1 dxc4 31. Bxc4 Qe7 32. Nd3 Bxa4 33. Bxe6 Bb5 34. Bf5 Bxd3 35. Bxd3 Nc5 36. Bc4 Ne6 37. g3 Qb4 38. Qg2 Rd2 39. Qh3 Re8 40. Qg4 Qa3 41. f4 Qc5 42. Qf3 Nd4 43. Qb7 Rf8 44. Qe4 Rd8 45. Rc3 Qb4 46. Rec1 Nb5 47. Re3 R2d4 48. Qf5 Rxc4 49. bxc4 Qd2 50. Ree1 Nd4 51. Qe4 a4 52. Red1 Qf2 53. Rc2 Qxc2 54. Qxc2 Nxc2 55. Rxd8+ Kh7 56. Ra8 a3 57. f5 Ne3 58. e6 fxe6 59. fxe6 Nxc4 60. e7 Nd6 61. e8Q Nxe8 62. Rxe8 b5 63. Ra8 b4 64. Ra4 1-0

[Event "Bayern-chI Bank Hofmann 20th"]
[Site "Bad Wiessee"]
[Date "2016.11.06"]
[Round "9"]
[White "Giessmann, Stephan"]
[Black "Schoenberger, Peter"]
[Result "1-0"]
[WhiteElo "2240"]
[BlackElo "2094"]
[PlyCount "73"]
[EventDate "2016.10.29"]
[EventType "swiss"]
[EventRounds "9"]
[EventCountry "GER"]
[SourceTitle "EXT 2018"]
[Source "ChessBase"]
[SourceDate "2017.10.13"]
[SourceVersion "1"]
[SourceVersionDate "2017.10.13"]
[SourceQuality "1"]

1. d4 Nf6 2. Nf3 g6 3. Bg5 Bg7 4. Nbd2 0-0 5. c3 d6 6. e4 Qe8 7. Bc4 e5 8. dxe5 dxe5 9. 0-0 Nbd7 10. h3 h6 11. Be3 Kh7 12. a4 Nh5 13. Qc2 Kh8 14. Rfe1 Qe7 15. b4 Nf4 16. a5 g5 17. Nf1 Qf6 18. N3h2 h5 19. Ng3 Qg6 20. Nf5 Bf6 21. Qb3 Bd8 22. Rad1 g4 23. h4 Ne6 24. Nf1 Nf6 25. Qc2 b6 26. a6 Nf4 27. N1g3 Be6 28. Bb5 Ng8 29. Rd2 Bf6 30. Red1 Qh7 31. c4 Ng6 32. Qc3 Nf4 33. Bc6 Rab8 34. c5 Qg6 35. Bd7 Kh7 36. cxb6 cxb6 37. Qc7 1-0

[Event "Bayern-chI Bank Hofmann 20th"]
[Site "Bad Wiessee"]
[Date "2016.11.03"]
[Round "6"]
[White "Pap, Misa"]
[Black "Giessmann, Stephan"]
[Result "1-0"]
[WhiteElo "2489"]
[BlackElo "2240"]
[PlyCount "47"]
[EventDate "2016.10.29"]
[EventType "swiss"]
[EventRounds "9"]
[EventCountry "GER"]
[SourceTitle "CBM 175 Extra"]
[Source "ChessBase"]
[SourceDate "2016.12.12"]
[SourceVersion "1"]
[SourceVersionDate "2016.12.12"]
[SourceQuality "1"]

1. e4 e6 2. d4 d5 3. Nd2 c5 4. dxc5 Bxc5 5. Bd3 Nc6 6. Ngf3 Nf6 7. Qe2 Nb4 8. e5 Nxd3+ 9. cxd3 Nd7 10. Nb3 b6 11. 0-0 0-0 12. Bg5 f6 13. exf6 Nxf6 14. Rac1 Bd6 15. Nbd4 Re8 16. Nc6 Qd7 17. Nfe5 Bxe5 18. Nxe5 Qe7 19. Qf3 Ba6 20. Ng4 Rf8 21. Qg3 Kh8 22. Bxf6 gxf6 23. Rc7 Qd8 24. Nh6 1-0

[Event "Bayern-chI Bank Hofmann 20th"]
[Site "Bad Wiessee"]
[Date "2016.11.01"]
[Round "4"]
[White "Kuempers, Ulrich"]
[Black "Giessmann, Stephan"]
[Result "0-1"]
[WhiteElo "2062"]
[BlackElo "2240"]
[PlyCount "104"]
[EventDate "2016.10.29"]
[EventType "swiss"]
[EventRounds "9"]
[EventCountry "GER"]
[SourceTitle "CBM 175 Extra"]
[Source "ChessBase"]
[SourceDate "2016.12.12"]
[SourceVersion "1"]
[SourceVersionDate "2016.12.12"]
[SourceQuality "1"]

1. c4 e6 2. d4 d5 3. Nc3 c6 4. e3 Nf6 5. Nf3 Nbd7 6. Bd3 dxc4 7. Bxc4 b5 8. Be2 a6 9. a3 c5 10. dxc5 Bxc5 11. b4 Be7 12. Bb2 Bb7 13. 0-0 0-0 14. Rc1 Qb6 15. Qb3 Rfd8 16. Rfd1 Rac8 17. Nd4 Ne5 18. Ba1 Nd5 19. Nxd5 Bxd5 20. Qb1 Qb7 21. Rxc8 Rxc8 22. f3 Bf6 23. Kh1 Bc4 24. e4 Ng6 25. Bxc4 Rxc4 26. Nb3 Qc7 27. Bxf6 gxf6 28. Nc5 a5 29. Nd7 Kg7 30. Qb2 e5 31. Nc5 axb4 32. axb4 Nf4 33. g3 Ne6 34. Nxe6+ fxe6 35. Qd2 Rd4 36. Rc1 Qd6 37. Qc3 Rc4 38. Qe3 Qxb4 39. Qa7+ Kg6 40. Rf1 Rc8 41. h4 Qc4 42. Kg2 Rc7 43. Qa8 Kg7 44. h5 Qe2+ 45. Rf2 Qe3 46. Qe8 Qb6 47. Rd2 Qe3 48. Rd7+ Rxd7 49. Qxd7+ Kh6 50. Qxe6 Qe2+ 51. Kh3 Qxf3 52. Qb6 Qh1+ 0-1

[Event "Pyramiden Franken Cup"]
[Site "Fuerth"]
[Date "2016.09.02"]
[Round "3"]
[White "Giessmann, Stephan"]
[Black "Redzepovic, Irfan"]
[Result "1-0"]
[WhiteElo "2252"]
[BlackElo "2124"]
[PlyCount "73"]
[EventDate "2016.09.01"]
[EventType "swiss"]
[EventRounds "7"]
[EventCountry "GER"]
[SourceTitle "CBM 174 Extra"]
[Source "ChessBase"]
[SourceDate "2016.10.10"]
[SourceVersion "1"]
[SourceVersionDate "2016.10.10"]
[SourceQuality "1"]

1. d4 Nf6 2. Nf3 d5 3. c4 c6 4. Nc3 e6 5. e3 Nbd7 6. Bd3 dxc4 7. Bxc4 b5 8. Bd3 Bb7 9. 0-0 a6 10. e4 c5 11. e5 cxd4 12. Nxb5 axb5 13. exf6 Qb6 14. fxg7 Bxg7 15. Qe2 Bc6 16. Bf4 Nc5 17. Rfc1 Nxd3 18. Qxd3 Rd8 19. Ng5 Bf6 20. Nxh7 Be7 21. Ng5 Bxg5 22. Bxg5 Rd5 23. Bf4 Rc5 24. Re1 Qd8 25. f3 Qf6 26. Bg3 Rhh5 27. Rad1 Rhd5 28. Re4 Rd7 29. Rg4 Qh8 30. Rh4 Qg8 31. Re1 Rdd5 32. Rxd4 Qg7 33. Rxd5 Rxd5 34. Qc2 Bd7 35. Bf2 Rg5 36. Be3 Rf5 37. Qxf5 1-0

[Event "Bayern-ch"]
[Site "Bad Griesbach"]
[Date "2016.08.27"]
[Round "9"]
[White "Giessmann, Stephan"]
[Black "Bensch, Patrick"]
[Result "1/2-1/2"]
[WhiteElo "2258"]
[BlackElo "2183"]
[PlyCount "48"]
[EventDate "2016.08.21"]
[EventType "swiss"]
[EventRounds "9"]
[EventCountry "GER"]
[SourceTitle "EXT 2022"]
[Source "ChessBase"]
[SourceDate "2021.10.06"]
[SourceVersion "1"]
[SourceVersionDate "2021.10.06"]
[SourceQuality "1"]

1. d4 Nf6 2. Nf3 g6 3. Bg5 Bg7 4. Nbd2 0-0 5. c3 c5 6. Bxf6 exf6 7. dxc5 d6 8. cxd6 Qxd6 9. e3 Nc6 10. Nb3 Qe7 11. Be2 Rd8 12. Nbd4 Be6 13. 0-0 Bd5 14. Qa4 a6 15. Rfd1 Ne5 16. c4 Be4 17. Nd2 b5 18. Qa5 Bb7 19. Rac1 Rd7 20. Bf3 Bxf3 21. N4xf3 Nd3 22. Rc2 Nb4 23. Rcc1 Nd3 24. Rc2 Nb4 1/2-1/2

[Event "Bayern-ch"]
[Site "Bad Griesbach"]
[Date "2016.08.24"]
[Round "5"]
[White "Giessmann, Stephan"]
[Black "Grosshans, Ralf Michael"]
[Result "1-0"]
[WhiteElo "2258"]
[BlackElo "2160"]
[PlyCount "145"]
[EventDate "2016.08.21"]
[EventType "swiss"]
[EventRounds "9"]
[EventCountry "GER"]
[SourceTitle "EXT 2022"]
[Source "ChessBase"]
[SourceDate "2021.10.06"]
[SourceVersion "1"]
[SourceVersionDate "2021.10.06"]
[SourceQuality "1"]

1. d4 Nf6 2. Nf3 d6 3. Bg5 Nbd7 4. Nbd2 h6 5. Bh4 g5 6. Bg3 Nh5 7. e4 Bg7 8. c3 c5 9. Nc4 Nxg3 10. hxg3 cxd4 11. Nxd4 Ne5 12. Nxe5 dxe5 13. Bb5+ Kf8 14. Nf5 Be6 15. 0-0 Qb6 16. Qa4 a6 17. Bc4 Bxc4 18. Qxc4 e6 19. Ne3 Ke7 20. Rfd1 Rhd8 21. g4 Bf8 22. Rxd8 Rxd8 23. Rd1 Rxd1+ 24. Nxd1 Kd7 25. Kf1 Qd6 26. Ke2 b5 27. Qd3 Kc6 28. Qxd6+ Bxd6 29. b4 Bc7 30. Kd3 Bb6 31. f3 Ba7 32. Kc2 Bb6 33. Kb3 Ba7 34. a4 Bb6 35. axb5+ axb5 36. c4 Bd4 37. Nc3 bxc4+ 38. Kxc4 Kb6 39. Na4+ Kc6 40. Nc5 Be3 41. b5+ Kd6 42. Nb7+ Kd7 43. Na5 Bd2 44. Nc6 f6 45. Kc5 Be3+ 46. Kb4 Bd2+ 47. Ka4 Be1 48. Na5 Kc7 49. Nc4 Bc3 50. Kb3 Be1 51. Nb2 Kd6 52. Kc4 Bf2 53. Na4 Be3 54. Nc3 Bd4 55. Nb1 Bf2 56. Nd2 Be3 57. Nb3 Bb6 58. Kb4 Kc7 59. Nc5 Kd6 60. Nb7+ Kc7 61. Na5 Bf2 62. Nc6 Be1+ 63. Kc4 Kd7 64. Nb8+ Kc8 65. Na6 Kd7 66. Nc5+ Kd6 67. b6 Bf2 68. b7 Kc7 69. Nxe6+ Kxb7 70. Kd5 Kb6 71. Nf8 Kb5 72. Nd7 Kb4 73. Nxf6 1-0

[Event "Bayern-ch"]
[Site "Bad Griesbach"]
[Date "2016.08.21"]
[Round "1"]
[White "Schulz, Lukas"]
[Black "Giessmann, Stephan"]
[Result "1/2-1/2"]
[WhiteElo "2136"]
[BlackElo "2258"]
[PlyCount "98"]
[EventDate "2016.08.21"]
[EventType "swiss"]
[EventRounds "9"]
[EventCountry "GER"]
[SourceTitle "EXT 2022"]
[Source "ChessBase"]
[SourceDate "2021.10.06"]
[SourceVersion "1"]
[SourceVersionDate "2021.10.06"]
[SourceQuality "1"]

1. e4 e6 2. Nc3 d5 3. g3 dxe4 4. Nxe4 Nc6 5. Nf3 e5 6. Bb5 Nf6 7. Qe2 Bd7 8. d4 Nxe4 9. Qxe4 f5 10. Qd5 e4 11. Ne5 Nxe5 12. Qxe5+ Qe7 13. Bxd7+ Kxd7 14. Qxf5+ Qe6 15. Qxe6+ Kxe6 16. Bf4 Bd6 17. Bxd6 cxd6 18. 0-0 Rac8 19. c3 Rhf8 20. Rae1 Kd5 21. f3 exf3 22. Re3 Rce8 23. Rfxf3 Rxf3 24. Rxe8 Rf7 25. Kg2 Kc4 26. Re3 b5 27. b3+ Kd5 28. Rf3 Rc7 29. Rf5+ Ke4 30. Rxb5 Rxc3 31. Ra5 Rc2+ 32. Kh3 Kxd4 33. Rxa7 d5 34. a4 Kc3 35. Rxg7 d4 36. Rxh7 d3 37. Kg4 d2 38. Rd7 Rc1 39. Rxd2 Kxd2 40. h4 Rb1 41. h5 Rxb3 42. h6 Rb4+ 43. Kh5 Rxa4 44. g4 Ke3 45. h7 Ra1 46. Kg6 Rh1 47. Kg7 Kf4 48. h8Q Rxh8 49. Kxh8 Kxg4 1/2-1/2

[Event "Arber op 5th"]
[Site "Bodenmais"]
[Date "2016.08.05"]
[Round "7"]
[White "Giessmann, Stephan"]
[Black "Sergeev, Vladimir"]
[Result "0-1"]
[WhiteElo "2265"]
[BlackElo "2450"]
[PlyCount "72"]
[EventDate "2016.07.30"]
[EventType "swiss"]
[EventRounds "9"]
[EventCountry "GER"]
[SourceTitle "CBM 173 Extra"]
[Source "ChessBase"]
[SourceDate "2016.08.29"]
[SourceVersion "1"]
[SourceVersionDate "2016.08.29"]
[SourceQuality "1"]

1. d4 d6 2. Nf3 Nf6 3. Bg5 Nbd7 4. Nbd2 h6 5. Bh4 g5 6. Bg3 Nh5 7. e4 e6 8. Bd3 Bg7 9. c3 Qe7 10. 0-0 b6 11. a4 a6 12. Nc4 Bb7 13. Qe2 Nxg3 14. hxg3 h5 15. Rfe1 g4 16. Nfd2 Qg5 17. e5 d5 18. Ne3 c5 19. b3 Nb8 20. f4 gxf3 21. Qxf3 Nc6 22. Rf1 0-0-0 23. Qf2 cxd4 24. cxd4 Nxd4 25. Rac1+ Kb8 26. Nc2 Nxc2 27. Rxc2 d4 28. Nf3 Qe3 29. Rd1 Bh6 30. Kh2 Qxf2 31. Rxf2 Be3 32. Rff1 Rhg8 33. Nd2 h4 34. Rxf7 hxg3+ 35. Kh3 Rh8+ 36. Bh7 Bxd2 0-1

[Event "Arber op 5th"]
[Site "Bodenmais"]
[Date "2016.08.02"]
[Round "4"]
[White "Giessmann, Stephan"]
[Black "Dannehr, Juergen"]
[Result "1-0"]
[WhiteElo "2265"]
[BlackElo "1788"]
[PlyCount "129"]
[EventDate "2016.07.30"]
[EventType "swiss"]
[EventRounds "9"]
[EventCountry "GER"]
[SourceTitle "CBM 173 Extra"]
[Source "ChessBase"]
[SourceDate "2016.08.29"]
[SourceVersion "1"]
[SourceVersionDate "2016.08.29"]
[SourceQuality "1"]

1. d4 Nf6 2. Nf3 c5 3. c3 b6 4. Bg5 Bb7 5. Nbd2 h6 6. Bh4 e6 7. e3 Be7 8. Bd3 0-0 9. 0-0 d5 10. Ne5 Ne4 11. Bxe7 Qxe7 12. Bxe4 dxe4 13. Qc2 Nd7 14. Nxd7 Qxd7 15. Nxe4 f5 16. Nd2 f4 17. Nf3 Bxf3 18. gxf3 Rf5 19. Kh1 Raf8 20. Qe4 Qe7 21. Rae1 Kh8 22. Rg1 fxe3 23. Rxe3 cxd4 24. Qxd4 e5 25. Qd5 Qf6 26. Rg3 Rd8 27. Qe4 Rd2 28. Re2 Rxe2 29. Qxe2 Rf4 30. Kg2 Qe6 31. b3 Qd5 32. Qc2 e4 33. fxe4 Rxe4 34. Qd3 Qe6 35. Qd8+ Qe8 36. Rd3 Kh7 37. Qxe8 Rxe8 38. Rd7 a5 39. Rd6 Rb8 40. c4 Kg8 41. Rd5 Re8 42. Rd6 Rb8 43. a4 Kf7 44. Kf3 Ke7 45. Rg6 Kf7 46. Rc6 Ke7 47. Ke4 Kd7 48. Kd5 Rf8 49. Rxb6 Rf5+ 50. Kd4 Rxf2 51. Rb7+ Kc6 52. Rxg7 Rxh2 53. Rg6+ Kb7 54. c5 h5 55. Rb6+ Ka7 56. Rb5 h4 57. Rxa5+ Kb7 58. Kc4 h3 59. Rb5+ Kc7 60. Rb6 Rg2 61. Rh6 h2 62. Kb5 Kc8 63. Rh8+ Kc7 64. Rh7+ Kc8 65. a5 1-0